000
00332nam a2200133Ia 4500
008
090124s9999 xx 000 0 und d
082
_b
46381
245
_a
PITMAN'S SHORTHAND INSTRUCTOR
250
_a
0
300
_a
300
630
_a
PITMAN'S SHORTHAND INSTRUCTOR
730
_a
PITMAN'S SHORTHAND INSTRUCTOR
942
_c
BOOK
999
_c
112601
_d
112601